উদ্ভিদবিচিত্রা / (Record no. 13780)
[ view plain ]
| 000 -LEADER | |
|---|---|
| fixed length control field | 00653nam a2200229 a 4500 |
| 001 - CONTROL NUMBER | |
| JCCL Control Number | 13780 |
| 003 - CONTROL NUMBER IDENTIFIER | |
| JCCL marc code | BD-JhCC |
| 005 - DATE AND TIME OF LATEST TRANSACTION | |
| control field | 20240321143912.0 |
| 008 - FIXED-LENGTH DATA ELEMENTS--GENERAL INFORMATION | |
| fixed length control field | 240321b2018 bg a|||| ||a| 000 0 Ben d |
| 020 ## - INTERNATIONAL STANDARD BOOK NUMBER | |
| International Standard Book Number | 984701207761 |
| 035 ## - SYSTEM CONTROL NUMBER | |
| system control number | (BD-JhCC)13780 |
| 040 ## - CATALOGING SOURCE | |
| Original cataloging agency | BD-JhCC |
| Modifying agency | BD-JhCC |
| 041 ## - LANGUAGE CODE | |
| Language code of Book | Bengali |
| 082 ## - DEWEY DECIMAL CLASSIFICATION NUMBER | |
| Classification number | 581.03 |
| Author mark and Year | FAR 2018 |
| 100 ## - MAIN ENTRY--PERSONAL NAME | |
| Personal name | ফরিদ,জায়েদ |
| 245 ## - TITLE STATEMENT | |
| Title | উদ্ভিদবিচিত্রা / |
| Statement of responsibility, etc | জায়েদ ফরিদ। |
| 260 ## - PUBLICATION, DISTRIBUTION, ETC. (IMPRINT) | |
| Place of publication, distribution, etc | ঢাকা: |
| Name of publisher, distributor, etc | কথাপ্রকাশ; |
| Date of publication, distribution, etc | 2018. |
| 300 ## - PHYSICAL DESCRIPTION | |
| Pagination | 183 p. : |
| Dimensions | 26 cm. |
| 650 ## - SUBJECT ADDED ENTRY--TOPICAL TERM | |
| Topical term or geographic name as entry element | Environment and Nature |
| 942 ## - ADDED ENTRY ELEMENTS (KOHA) | |
| Source of classification or shelving scheme | Dewey Decimal Classification |
| Koha item type | Books |
| Source of classification or shelving scheme | Damaged status | Not for loan | Home library | Current library | Shelving location | Date of accession | Cost, normal purchase price | Total Checkouts | Full call number | Barcode | Date last seen | Copy number | Method of acquisition | Koha item type | Currency |
|---|---|---|---|---|---|---|---|---|---|---|---|---|---|---|---|
| Dewey Decimal Classification | JCC Rouf Library | JCC Rouf Library | General Stacks | 600.00 | 581.03 FAR 2018 | 18731 | 03/21/2024 | C-1 | Purchase | Books | BDT | ||||
| Dewey Decimal Classification | JCC Rouf Library | JCC Rouf Library | General Stacks | 600.00 | 581.03 FAR 2018 | 18732 | 03/21/2024 | C-2 | Purchase | Books | BDT |